<?xml version="1.0" encoding="UTF-8"?>
<record
    xmlns:xsi="http://www.w3.org/2001/XMLSchema-instance"
    xsi:schemaLocation="http://www.loc.gov/MARC21/slim http://www.loc.gov/standards/marcxml/schema/MARC21slim.xsd"
    xmlns="http://www.loc.gov/MARC21/slim">

  <leader>02250njm a2200433Ia 4500</leader>
  <controlfield tag="001">40464</controlfield>
  <controlfield tag="003">IT-RoPAU</controlfield>
  <controlfield tag="005">20220918181158.0</controlfield>
  <controlfield tag="008">131025s9999    xx            000 0 und d</controlfield>
  <datafield tag="040" ind1=" " ind2=" ">
    <subfield code="a">IT-RoPAU</subfield>
  </datafield>
  <datafield tag="040" ind1=" " ind2=" ">
    <subfield code="c">IT-RoPAU</subfield>
  </datafield>
  <datafield tag="999" ind1=" " ind2=" ">
    <subfield code="c">102782</subfield>
    <subfield code="d">102782</subfield>
  </datafield>
  <datafield tag="999" ind1=" " ind2=" ">
    <subfield code="b">n.d.</subfield>
  </datafield>
  <datafield tag="100" ind1=" " ind2=" ">
    <subfield code="a">AA.VV.</subfield>
    <subfield code="9">794</subfield>
  </datafield>
  <datafield tag="100" ind1=" " ind2=" ">
    <subfield code="e">Autore musica</subfield>
    <subfield code="9">21628</subfield>
  </datafield>
  <datafield tag="100" ind1=" " ind2=" ">
    <subfield code="g">Codice autore musica SPICS: 12000</subfield>
    <subfield code="9">796</subfield>
  </datafield>
  <datafield tag="245" ind1=" " ind2=" ">
    <subfield code="a">Jazz. Gli uomini, gli strumenti, gli stili 58</subfield>
  </datafield>
  <datafield tag="250" ind1=" " ind2=" ">
    <subfield code="a">2a ed.</subfield>
  </datafield>
  <datafield tag="260" ind1=" " ind2=" ">
    <subfield code="a">MILANO</subfield>
  </datafield>
  <datafield tag="260" ind1=" " ind2=" ">
    <subfield code="b">FRATELLI FABBRI EDITORI</subfield>
    <subfield code="c">1987 [1a Ed.:1987]</subfield>
  </datafield>
  <datafield tag="300" ind1=" " ind2=" ">
    <subfield code="a">MUSICASSETTA</subfield>
  </datafield>
  <datafield tag="300" ind1=" " ind2=" ">
    <subfield code="c">46 minuti (Testo:  pag.)</subfield>
  </datafield>
  <datafield tag="500" ind1=" " ind2=" ">
    <subfield code="a">Musica jazz</subfield>
  </datafield>
  <datafield tag="505" ind1=" " ind2=" ">
    <subfield code="a">There Is No Greater Love [(Montreux, 15.7.1977) (6:00)] - You Look Good To Me [(Montreux, 15.7.1977) (7:00)] - Reunion Blues [(Montreux, 15.7.1977) (7:00)] - Sweet Georgia Brown [(Montreux, 15.7.1977) (6:00)] - Teach Me Tonight [(Montreux, 15.7.1977) (9:00)] - Soft Winds [(Montreux, 15.7.1977) (7:00)]</subfield>
  </datafield>
  <datafield tag="511" ind1=" " ind2=" ">
    <subfield code="a">Oscar Peterson and The Two Bassists</subfield>
  </datafield>
  <datafield tag="511" ind1=" " ind2=" ">
    <subfield code="a">Peterson Oscar: p; Brown Ray: cb; Pederson Niels-Henning Orsted: cb</subfield>
  </datafield>
  <datafield tag="650" ind1=" " ind2=" ">
    <subfield code="a">JAZZ [CASSETTE]</subfield>
    <subfield code="e">Codice MATERIA SPICS: 9951</subfield>
    <subfield code="9">1831</subfield>
  </datafield>
  <datafield tag="700" ind1=" " ind2=" ">
    <subfield code="a">Peterson Oscar</subfield>
    <subfield code="g">Codice interprete SPICS: 16170</subfield>
    <subfield code="e">Interprete</subfield>
    <subfield code="9">21629</subfield>
  </datafield>
  <datafield tag="700" ind1=" " ind2=" ">
    <subfield code="a">Symes</subfield>
    <subfield code="g">Codice autore musica SPICS: 20238</subfield>
    <subfield code="e">Autore musica</subfield>
    <subfield code="p">There Is No Greater Love</subfield>
    <subfield code="9">21630</subfield>
  </datafield>
  <datafield tag="700" ind1=" " ind2=" ">
    <subfield code="a">Jones</subfield>
    <subfield code="g">Codice autore SPICS: 19978</subfield>
    <subfield code="e">Autore</subfield>
    <subfield code="p">There Is No Greater Love</subfield>
    <subfield code="9">21631</subfield>
  </datafield>
  <datafield tag="700" ind1=" " ind2=" ">
    <subfield code="a">Wells</subfield>
    <subfield code="g">Codice autore musica SPICS: 20239</subfield>
    <subfield code="e">Autore musica</subfield>
    <subfield code="p">You Look Good To Me</subfield>
    <subfield code="9">21632</subfield>
  </datafield>
  <datafield tag="700" ind1=" " ind2=" ">
    <subfield code="a">Jackson</subfield>
    <subfield code="g">Codice autore musica SPICS: 20240</subfield>
    <subfield code="e">Autore musica</subfield>
    <subfield code="p">Reunion Blues</subfield>
    <subfield code="9">21633</subfield>
  </datafield>
  <datafield tag="700" ind1=" " ind2=" ">
    <subfield code="a">Bernie Green</subfield>
    <subfield code="g">Codice autore musica SPICS: 20241</subfield>
    <subfield code="e">Autore musica</subfield>
    <subfield code="p">Sweet Georgia Brown</subfield>
    <subfield code="9">21634</subfield>
  </datafield>
  <datafield tag="700" ind1=" " ind2=" ">
    <subfield code="a">Pinkard Maceo</subfield>
    <subfield code="g">Codice autore SPICS: 16174</subfield>
    <subfield code="e">Autore</subfield>
    <subfield code="p">Sweet Georgia Brown</subfield>
    <subfield code="9">21635</subfield>
  </datafield>
  <datafield tag="700" ind1=" " ind2=" ">
    <subfield code="a">Casey</subfield>
    <subfield code="g">Codice autore testo/musica SPICS: 20242</subfield>
    <subfield code="e">Autore testo/musica</subfield>
    <subfield code="p">Sweet Georgia Brown</subfield>
    <subfield code="9">21636</subfield>
  </datafield>
  <datafield tag="700" ind1=" " ind2=" ">
    <subfield code="a">De Paul G.</subfield>
    <subfield code="g">Codice autore musica SPICS: 20243</subfield>
    <subfield code="e">Autore musica</subfield>
    <subfield code="p">Teach Me Tonight</subfield>
    <subfield code="9">21637</subfield>
  </datafield>
  <datafield tag="700" ind1=" " ind2=" ">
    <subfield code="a">Cahn</subfield>
    <subfield code="g">Codice autore SPICS: 20244</subfield>
    <subfield code="e">Autore</subfield>
    <subfield code="p">Teach Me Tonight</subfield>
    <subfield code="9">21638</subfield>
  </datafield>
  <datafield tag="700" ind1=" " ind2=" ">
    <subfield code="a">Goodman Benny</subfield>
    <subfield code="g">Codice autore musica SPICS: 10538</subfield>
    <subfield code="e">Autore musica</subfield>
    <subfield code="p">Soft Winds</subfield>
    <subfield code="9">21639</subfield>
  </datafield>
  <datafield tag="942" ind1=" " ind2=" ">
    <subfield code="c">MC</subfield>
    <subfield code="2">ddc</subfield>
  </datafield>
  <datafield tag="952" ind1=" " ind2=" ">
    <subfield code="0">0</subfield>
    <subfield code="1">0</subfield>
    <subfield code="4">0</subfield>
    <subfield code="6">40464_000000000000000</subfield>
    <subfield code="7">1</subfield>
    <subfield code="a">SPICS</subfield>
    <subfield code="b">SPICS</subfield>
    <subfield code="d">2013-10-25</subfield>
    <subfield code="l">0</subfield>
    <subfield code="o">40464</subfield>
    <subfield code="r">2013-10-25 00:00:00</subfield>
    <subfield code="w">2013-10-25</subfield>
    <subfield code="y">MC</subfield>
    <subfield code="z">Progr. Ins.: 14261 / N.Vol.: 1 / Copie: 1 - Copia rara: n.d. / date import: 01.01.2014 - By Epidotti, Trombetti, Vaglietti</subfield>
  </datafield>
</record>
